000 01085nam a2200217Ia 4500
999 _c38119
_d38119
001 4107
003 GE_BSU
005 20190920161907.0
008 181216s2007||||ge |||||||||||||| ||geo||
040 _cGE_BSU
041 _ageo
080 _a398(479.223) ს–24
245 _aსამხრეთ-დასავლეთ საქართველოს ზეპირსიტყვიერება :
_bN12 /
_cრედ. თინა შიოშვილი.
264 _aბათუმი :
_bგამ-ბა "ბათუმის უნ-ტი",
_c2007.
300 _a197 გვ. ;
_b20 სმ.
653 _aსაქართველოს ზეპირსიტყვიერება
700 _aშიოშვილი, თინა
_eრედაქტორი
_91855
710 _aსაქართველოს განათლებისა და მეცნიერების სამინისტრო
_91898
710 _aნიკო ბერძენიშვილის ინსტიტუტი
_94204
942 _cBK
_2udc